00740nam a2200181 a 450000100100000000500170001000800410002704000250006808200130009310000450010624500550015126000520020630000270025850000660028550000790035195201110043099900170054100004321420201002040728.0140225s1983 pr a 000 0 spa d aDO-SdBNPbspacBNPHU axxxbxxx1 aSotomayor, Áurea Maríad1951-92500410aSitios de la memoria /cÁurea María Sotomayor. aRío Piedras, Puerto Rico :bHuracán,c1983. a72 p. :bil. ;c22 cm. aLa biblioteca posee un ejemplar autografíado por la autora. aIncluye datos biográficos de la autora en la solapa de la contracubierta 001050718MOaGRbGRcCTd2014-02-25iLF1l0oxxx xxxp43214-10r2020-06-25w2020-06-25y1ZNo se presta c42703d42703